LEADER 01834oam 2200493M 450 001 9910716481303321 005 20200213070930.5 035 $a(CKB)5470000002521329 035 $a(OCoLC)1065613089 035 $a(OCoLC)995470000002521329 035 $a(EXLCZ)995470000002521329 100 $a20071213d1927 ua 0 101 0 $aeng 135 $aurcn||||||||| 181 $ctxt$2rdacontent 182 $cc$2rdamedia 183 $acr$2rdacarrier 200 10$aBridge across the Ohio River at or near St. Marys, W. Va. January 19, 1927. -- Referred to House Calendar and ordered to be printed 210 1$a[Washington, D.C.] :$c[U.S. Government Printing Office],$d1927. 215 $a1 online resource (3 pages) 225 1 $aHouse report / 69th Congress, 2nd session. House ;$vno. 1802 225 1 $a[United States congressional serial set] ;$v[serial no. 8688] 300 $aBatch processed record: Metadata reviewed, not verified. Some fields updated by batch processes. 300 $aFDLP item number not assigned. 606 $aBridge construction industry 606 $aBridges$xDesign and construction 606 $aBridges 606 $aLegislative amendments 606 $aToll bridges 608 $aLegislative materials.$2lcgft 615 0$aBridge construction industry. 615 0$aBridges$xDesign and construction. 615 0$aBridges. 615 0$aLegislative amendments. 615 0$aToll bridges. 701 $aCooper$b John Gordon$f1872-1955$pRepublican (OH)$01389183 801 0$bWYU 801 1$bWYU 801 2$bOCLCO 801 2$bOCLCQ 906 $aBOOK 912 $a9910716481303321 996 $aBridge across the Ohio River at or near St. Marys, W. Va. January 19, 1927. -- Referred to House Calendar and ordered to be printed$93489550 997 $aUNINA LEADER 02728oam 2200613 c 450 001 9910860811403321 005 20220221094418.0 010 $a3-8467-5244-4 024 7 $a10.30965/9783846752449 035 $a(CKB)4330000000532907 035 $a(nllekb)BRILL9783846752449 035 $a(MiAaPQ)EBC6513811 035 $a(Au-PeEL)EBL6513811 035 $a(OCoLC)1243534337 035 $a(Brill | Fink)9783846752449 035 $a(EXLCZ)994330000000532907 100 $a20220221d2012 uy 0 101 0 $ager 135 $aurun| uuuua 181 $ctxt$2rdacontent 182 $cc$2rdamedia 183 $2rdacarrier 200 10$aEthik des Zufalls$fBarbara Reiter 205 $a1st ed. 210 $aPaderborn$cBrill | Fink$d2012 215 $a1 online resource 311 $a3-7705-5244-X 327 $aPreliminary Material -- Danksagung -- Gutes Leben ohne Zufall? -- Kontingenz und Lebensplan -- Angewiesenheit und Autonomie -- Sieben Momente des Zufalls -- Die Philosophie des Flaneurs: Verbundenheit und Zuversicht -- Zufall und Gerechtigkeit -- Zufall, Gluck und gutes Leben -- Bibliographie -- Sachregister -- Personenregister. 330 $aKo?nnen wir ein glu?ckliches Leben ohne Pla?ne fu?hren? Gelingt es dem Flaneur, sich der Kontingenz ganz und gar hinzugeben? Wie ha?ngen Zufall und Gerechtigkeit zusammen?Die Frage, wie mit den kontingenten Faktoren des Lebens umgegangen werden kann, zieht sich durch die Philosophiegeschichte und scheint doch bis heute kaum zu beantworten.Mit Bezugnahme auf Aristoteles' Bestimmung des Zufalls und auf die praktische Philosophie des politischen Liberalismus untersucht Barbara Reiter die normative Bedeutung von Zufall in einer Theorie der Gerechtigkeit.Sollte die Fa?higkeit mit den Wechselfa?llen des Lebens umzugehen Voraussetzung fu?r ein glu?ckliches Leben sein, mu?ssen auch die allgemein u?blichen Vorstellungen von Gerechtigkeit erweitert werden - na?mlich um die Verantwortung fu?r einen angemessenen Umgang mit dem Zufall. 606 $amoralisches Handeln 606 $aPolitikwissenschaft 606 $aEthik 606 $aMoral 606 $aWissenschaft 606 $aMoralphilosophie 606 $aPolitik 615 4$amoralisches Handeln 615 4$aPolitikwissenschaft 615 4$aEthik 615 4$aMoral 615 4$aWissenschaft 615 4$aMoralphilosophie 615 4$aPolitik 676 $a193 686 $aCC 7700$2rvk 686 $a100$2sdnb 686 $aCC 7200$2rvk 700 $aReiter$b Barbara$4aut$01741791 801 0$bNL-LeKB 801 1$bNL-LeKB 906 $aBOOK 912 $a9910860811403321 996 $aEthik des Zufalls$94168027 997 $aUNINA